000 00685nam a2200277Ia 4500
005 20260324112602.0
008 008 260324s9999 xx 000 0 eng d
020 _a9781003363330
037 _aEBOOK
040 _aCRL
040 _beng
040 _cCRL
041 _2eng
041 _aeng
084 _qCRL
100 _aBrooke Fisher Liu; Amisha M. Mehta
_91143316
245 0 _aRoutledge Handbook of Risk, Crisis, and Disaster Communication
260 _bTaylor and Francis
260 _c2024
365 _a
365 _b360
856 _uhttp://www.taylorfrancis.com/books/9781003363330
942 _cEBOOK
999 _c1732574
_d1732574